000
00198 a2200097 4500
020
_a
9780824518103
041
_a
eng
100
_a
Mayeul de Dreuille Osb
245
_a
From East To West
942
_c
BK
999
_c
11076
_d
11076